Guess the Country based on a official or recgnized language - Statistics

General Stats
  • This quiz has been taken 39 times
  • The average score is 11 of 15
Answer Stats
Hint Answer % Correct
Catalan, Spanish, French Andorra
93%
Maltese, English Malta
93%
Basque, Occitan Spain
93%
Dutch, French Belgium
90%
Greek, Turkish Cyprus
90%
Malay, Javanese Indonesia
86%
Xhosa, Zulu South Africa
83%
Sotho, English Lesotho
76%
Amharic, Somali, Oromo Ethiopia
72%
Spanish, Quechua Ecuador
69%
English, German, Oshiwambo Namibia
62%
Tigrinya Eritrea
55%
French, Sango Central African Republic
41%
Arabic, Armenian Lebanon
34%
English, Japanese Palau
24%
No matching quizzes found
Score Distribution
Percent of People with Each Score
Percentile by Number Answered
Your Score History
You have not taken this quiz